LEADER 00905nam 2200277 450 001 9910272460403321 005 20180626094010.0 010 $a978-88-917-6217-7 100 $a20180618d2017----u y0engy50 ba 101 0 $aita 102 $aIT 105 0 $a 00 200 1 $a<>trasformazioni del lavoro e della formazione continua$edalla seconda alla quarta rivoluzione industriale$fMarco Zaganella 210 $aMilano$cFrancoAngeli$d2017 215 $a95 p.$cill., tab.$d21 cm 225 $aFonditalia$v314 610 0 $aIndustria$aOrganizzazione del lavoro$aSec. 19-20 676 $a306.36$v22$zita 700 1$aZaganella,$bMarco$0747692 912 $a9910272460403321 952 $a306.36 ZAG 1$b4838$fbfs 952 $aCOLLEZ. 772 (314)$b832/2018$fFSPBC 959 $aFSPBC 959 $aBFS 996 $aTrasformazioni del lavoro e della formazione continua$91505804 997 $aUNINA LEADER 01272cam2 2200337 450 001 E600200062765 005 20241203095011.0 010 $a88-02-02140-6 100 $a20100409d1974 |||||ita|0103 ba 101 $aita$alat 102 $aIT 200 0 $a1: Libri 1-5$fTito Livio$ga cura Luciano Perelli 210 $aTorino$cUnione tipografico-editrice torinese$dstampa 1974 215 $a974 p., [8] c. di tav. $cill.$d24 cm 225 2 $aClassici latini$vdir.I.Lana 300 $aTrad. italiana a fronte 410 1$1001LAEC00016081$12001 $a*Classici latini$vdir.I.Lana 461 1$1001E600200062764$12000 $aStorie 700 1$aLivius$b, Titus$3A600200033180$4070$05194 702 1$aPerelli, Luciano$3A600200060819$4070 801 0$aIT$bUNISOB$c20241203$gRICA 850 $aUNISOB 852 $aUNISOB$j870|Coll|2|K$m38425 852 $aUNISOB$j870|Coll|2|K$m42841 912 $aE600200062765 940 $aM 102 Monografia moderna SBN 941 $aW 957 $a870|Coll|2|K$b000040$i-1$gSi$d38425$racquisto$1catenacci$2UNISOB$3UNISOB$420100409071526.0$520241203092140.0$6rovito 957 $a870|Coll|2|K$b000040$i-1 b$gSI$d42841$1rovito$2UNISOB$3UNISOB$420241203092031.0$520241203093739.0$6rovito 996 $aLibri 1.-5$9945877 997 $aUNISOB